00636 2200229 4500001002100000005001700021008004100038035002400079090001500103100002000118245007700138260003300215300002900248500003000277650002200307850001500329980001300344985000600357986001300363999001500376999001500391YOGYA-0209000003332120090227024750.0 ind  0010-020900000033321 a973bKen N aKENNEDY, John F aA nation of immigrantscJohn F. Kennedynation; by Eric Wollencott Barnes aNew YorkbHarper & Rowc1964 axi, 111 hlmbilusc21 cm aBibliografi : hlm. 95-101 aAmerika - Keadaan aYOPDYOG(B) a28-08-06 a2 aSusi-Ati aA000011127 aA000011128